10 państw najbliżej Polski z wyjątkami - Statystyki

Ogólne statystyki
  • Ten quiz został rozwiązany 138 razy
  • Średni wynik to 9 z 10
Statystyki odpowiedzi
km Państwo % Poprawnych
844 Turcja
96%
2051 Egipt
94%
1455 Gruzja
94%
2015 Azerbejdżan
89%
1726 Cypr
88%
1514 Tunezja
88%
1834 Armenia
86%
2319 Maroko
86%
1808 Libia
85%
1626 Algieria
84%
Nie znaleziono quizów pasujących do podanych kryteriów
Rozkład punktacji
Procent ludzi z każdym wynikiem
Percentyl według liczby udzielonych odpowiedzi
Twoja historia wyników
Nie rozwiązałeś tego quizu